Quizzes
Events
Quiz Creation
Community
Videos
Private Events
Remove Ads
Sign In
Join for FREE
Feedback
Dark Mode
Quiz Categories
Sports
Geography
Music
Movies
Television
Just For Fun
Miscellaneous
History
Literature
Language
Science
Gaming
Entertainment
Religion
Holiday
For Kids
Quiz Lab
Recent
Popular Today
Quiz Kudos Today
Editor Picks
Curator Picks
Quizzes by...
Day
Popularity
Type
Ratings
Length
Year
Community
Subscriptions
Recent Discussions
Orange Saloon
Badges
Playlists
Quests
Create
Leaderboards
Showdown
Live 5
Trivia Bingo
Activity
Puzzle Library
Sporcle Events
Private Events
Virtual Trivia
Globe League
Become a Host
Pub Owners
SporcleCon
Opinionation
Our Games
Videos
Blog
Mobile Apps
Partnerships
Remove Ads and Go Orange
Feedback
Movies
Disney
Marvel Cinematic Universe
Movie Resume
Movie Titles
Oscar
Actor
Actress
Director
Pixar
Role
Movie Quotes
Movie Characters
Box Office
Nominee
Best Picture
Star Wars
James Bond
Horror Movies
Movies
Disney
Marvel Cinematic Universe
Movie Resume
Movie Titles
Oscar
Actor
Actress
Director
Pixar
Role
Movie Quotes
Movie Characters
Box Office
Nominee
Best Picture
Star Wars
James Bond
Horror Movies
Random Quiz
Search Sporcle
×
Quiz Lab
Quiz Lab
Movies
Director
Type in answers that appear in a list
Type in answers that appear in a list
Classic
Best Score? Go Orange.
Berlin Silver Bear Winners Stats
Can you name the Berlin Silver Bear for Best Director Winners?
By
SamGamgee
20m
60 Questions
75 Plays
75 Plays
75 Plays
Comments
Comments
Give Quiz Kudos
Give Quiz Kudos
-
- Ratings
hide this ad
Replay
Link that replays current quiz
Next Quiz
Link to next quiz in quiz playlist
You Got
0%
They Got
Avg Score
26%
Avg Friend Score
Upgrade to see
Score Distribution
Jump to the score distribution portion of the page
Score
0/60
Timer
20:00
0
Plays Today
Year
Director
% Correct
1995
Richard Linklater
98.7%
1991
Jonathan Demme
97.3%
2008
Paul Thomas Anderson
97.3%
2014
Richard Linklater
97.3%
1987
Oliver Stone
90.7%
1994
Krzysztof Kieślowski
82.7%
2010
Roman Polanski
81.3%
1960
Jean-Luc Godard
60%
2000
Milos Forman
60%
1988
Norman Jewison
57.3%
1959
Akira Kurosawa
52%
2009
Asghar Farhadi
48%
2012
Christian Petzold
48%
1965
Satyajit Ray
42.7%
2017
Aki Kaurismäki
41.3%
1964
Satyajit Ray
41.3%
1966
Carlos Saura
36%
1968
Carlos Saura
36%
1984
Ettore Scola
33.3%
1998
Neil Jordan
28%
2013
David Gordon Green
26.7%
1962
Francesco Rosi
25.3%
1985
Robert Benton
25.3%
2016
Mia Hansen-Løve
24%
1983
Éric Rohmer
22.7%
2015
Malgorzata Szumowska
20.3%
1999
Stephen Frears
18.7%
2015
Radu Jude
18.7%
1993
Andrew Birkin
17.3%
2006
Michael Winterbottom and Mat Whitecross
16%
Year
Director
% Correct
2007
Joseph Cedar
13.3%
1976
Mario Monicelli
12%
1957
Mario Monicelli
10.7%
1982
Mario Monicelli
10.7%
2004
Kim Ki-duk
10.7%
1956
Robert Aldrich
8%
1992
Jan Troell
8%
1980
István Szabó
6.7%
1996
Yim ho
6.7%
1996
Richard Loncraine
6.7%
1990
Michael Verhoeven
6.7%
1961
Bernhard Wicki
5.3%
1984
Costas Ferris
5.3%
2005
Marc Rothemund
5.3%
1979
Astrid Henning-Jensen
4%
1997
Eric Heumann
4%
2011
Ulrich Köhler
4%
1963
Nikos Koundouros
2.7%
1967
Živojin Pavlović
2.7%
1975
Sergei Solovyov
2.7%
1977
Manuel Gutiérrez Aragón
2.7%
1989
Dušan Hanák
2.7%
1991
Ricky Tognazzi
2.7%
2003
Patrice Chéreau
2.7%
2002
Otar Iosseliani
2.7%
1958
Tadashi Imai
1.3%
1972
Jean-Pierre Blanc
1.3%
1986
Georgiy Shengelaya
1.3%
2001
Lin Cheng-sheng
1.3%
1978
Georgi Djulgerov
1.3%
Quiz Playlist
Details
Report
Send in Message
Add To Playlist
Classic:
Type in answers that appear in a list
Quiz Source
Last Updated: Sep 11, 2017
Quiz Scoreboard
CHALLENGE
Sign Up to Join the Scoreboard
Show All
Scores
Hide
Comments
May contain spoilers
Recently Published
Decade Duel: World Leaders
by jenniferyan
History
4m
Alphabetical 'K' Countries by Flag Minefield
by ylime102
Geography
3m
Pick 6: Fruits
by JohnFran
Miscellaneous
15s
More to Explore
Quiz From the Vault
Featured Blog Post
15 Basketball Trivia Facts You Can Be March Mad About
hide this ad
You Might Also Like...
Tags
Director Quiz
Berlin
Best Director
Cinema Name
Festival
Film Director
Film Festival
Golden Bear
Silver
Top Film
Working Directors
Today's Top Quizzes in Movies
Browse Movies
hide this ad
Today's Top Quizzes in Director
Browse Director
Top Contributed Quizzes in Movies
1
Pick 6: Harry Potter
2
Pick 6: Movie Franchises
3
Pick 6: Actors
4
Pick 6: Actresses
5
Pick 6: Disney Princesses
6
Match The President To The Fictional Crisis
7
Movies of the Seasons
8
Seasonal Films
9
Movie Seasons
10
Harry Potter Logic Puzzle
Explore More
Trending Topics
Kpop
Anime
NBA
Crossword
Harry Potter
Marvel
Disney
NFL
WWE
Pokémon
The Office
Puzzle
Soccer
Country
Song
hide this ad
More By:
SamGamgee
Quiz
Plays
Rating
Category
Featured
Created
300 Greatest Actors
10,255
4.24
Movies
Aug 14, 2019
300 Greatest Actresses
7,660
4.60
Movies
Aug 12, 2019
101 Most Important Painters
3,973
4.20
History
Sep 27, 2018
Benfica players 2004-now
3,721
4.43
Sports
Jan 9, 2011
Best Football Players 2017
2,511
4.00
Sports
Jun 30, 2017
Go to Creator's Profile
Score Distribution
Quiz Creator Spotlight
SamGamgee
Follow
Send a Message
Quizzes Created
-
Created Quiz Play Count
-
More By This Creator
Popular Quizzes Today
1
Countries of Asia Without Outlines Minefield
2
Find the US States - No Outlines Minefield
3
Pick 6: Fruits
4
The Countries of the World
5
Alphabetical 'K' Countries by Flag Minefield
6
Find the Countries of Europe - No Outlines Minefield
7
US States
8
Find the US States
More Movies Quizzes
Johnny Depp Filmography (Slideshow)
Quiz Lab
Trending Quizzes
Pick 6: Mountains
Pick 6: Harry Potter
Pick 6: Flags
Pick 6: NFL Teams
Pick 6: Movie Franchises
Recently Updated
Adaptations: Name the Title
pecheneg
NWSL Teams
pecheneg
Women's Final Four Teams by Year
bhenderson79
Presidents Quartet II
eogle
Anything But Clue(do)
eogle
Anything But Oceanian Capitals
eogle
Anything But 7
eogle
Anything But Thing
eogle
Word Ladder: February 29
pecheneg
Song Title Questions
pecheneg
Trending Topics
Crossword
Harry Potter
Marvel
Disney
NBA
Kpop
Anime
Pokémon
Song
NFL
Country
Soccer
The Office
WWE
Puzzle
Your Account Isn't Verified!
In order to create a playlist on Sporcle, you need to verify the email address you used during registration. Go to your
Sporcle Settings
to finish the process.
Report this User
Report this user for behavior that violates our
Community Guidelines
.
Details:
Send Report
Go to the Sporcle.com Mobile Site →
Comments